Multiple-Choice-Stadtquiz Krefeld - Statistiken

Allgemein
  • Dieses Quiz wurde 956 mal gespielt
  • Das Durchschnittsergebnis liegt bei 6 aus 10
Antwortstatistiken
Frage Antwort % Korrekt
In welchem Bundesland liegt Krefeld? Nordrhein-Westfalen
95%
Welcher Krefelder Fußballverein hat in der Bundesliga gespielt? KFC Uerdingen 05
75%
Welcher Fluss bildet die östliche Grenze von Krefeld? Rhein
74%
Welche dieser Städte liegt Krefeld am nächsten? Düsseldorf
72%
Krefeld liegt in welcher Region? Niederrhein
62%
Für welche Industrie war Krefeld historisch besonders bekannt? Seiden- und Textilindustrie
58%
Welche Autobahn verläuft durch Krefeld? A57
54%
Welche Burg ist eine bekannte Sehenswürdigkeit in Krefeld? Burg Linn
45%
Klicke auf das Wappen von Krefeld!
40%
Wie viele Einwohner hat Krefeld ungefähr? 235.000
33%
Keine übereinstimmenden Quizze gefunden
Verteilung der Resultate
Anzahl Personen mit jedem Resultat
Perzentil nach korrekt beantworteten Fragen
Ihre Resultats-Entwicklung
Sie haben dieses Quiz noch nicht gespielt